00461nam a2200169Ia 4500003000400000008004100004040001600045082001700061100002000078245005900098700001900157700001900176260005900195300001000254650001200264650001500276GCL140319s9999 xx 000 0 eng d aGCL / cGCL04a005.13bB I.1 aFULMER, HOWARD.10aINSIDE AUTOCAD L T FOR WINDOWS 95. / cFULMER, HOWARD.1 aBEALL, MICHAEL1 aSOEN, FRANCIS. a[S.N] : bNEW RIDERS PUBLISHING INDIANAPOLIS ، c1996 a620 P04aAUTOCAD04aWINDOWS 95